[Event "Julian Borowski-A 2nd"]
[Site "Essen"]
[Date "2000.04.30"]
[Round "4"]
[White "Beliavsky, Alexander G"]
[Black "Glek, Igor Vladimirovich"]
[Result "1-0"]
[WhiteElo "2640"]
[BlackElo "2554"]
[Annotator "Hecht,H"]
[PlyCount "77"]
[EventDate "2000.04.27"]
[EventType "tourn"]
[EventRounds "9"]
[EventCountry "GER"]
[EventCategory "15"]
[SourceTitle "CBM 077"]
[Source "ChessBase"]
[SourceDate "2000.07.27"]
[SourceVersion "1"]
[SourceVersionDate "2000.07.27"]
[SourceQuality "1"]

1. d4 {Tyomkin,D. Meulders} f5 2. g3 Nf6 3. Bg2 g6 4. c4 Bg7 5. Nc3 d6 6. Nf3
O-O 7. O-O Qe8 8. d5 a5 {Tyomkin,D: 'It is a kind of problem for white to get
an advantage in this line. On the other hand, black has a very simple plan of
development: Nb8-a6-c5, Bc8-d7 and c7-c6. Usually black gets an equal play
with this plan.'} 9. Bd2 {'N!?' Meulders. Meulders: 'Von den etwa 13 Zügen die
in dieser Stellung plausibel sind, wird am meisten 9.Nd4 gespielt; auch 9.Ne1,
9.Be3 und 9.Rb1 kommen häufig vor. Der Textzug ist ein Versuch einen neuen Weg
zu gehen. Beide Grossmeister sind übrigens erfahrene Holländisch-Spieler.
Weiss bereitet den Abtausch des starken Bg7 vor, ohne dass der weisse B, wie
in den Varianten mit 9.Be3, belästigt wird durch z.B. h6/g5 oder Ng4/Nh5.'} (9.
Bf4 {Meulders} h6 10. h4 Nh5 11. Qd2 Nxf4 12. Qxf4 Na6 13. Rad1 Bd7 14. Nd4 c6
15. Bf3 Kh7 $11 {1/2-1/2 Balogh,B-Vegh,E/HUN 1995/EXT 97 (30)}) (9. Be3 {
Meulders} h6 (9... Na6 10. Bd4 (10. Qc1 Ng4 (10... e5 11. dxe6 Bxe6 12. Nd4 c6
13. b3 Ng4 14. Nxe6 Qxe6 $11 {1/2-1/2 Yakovich,Y-Lastin,A/Elista 1997/CBM 59 
(47)}) 11. Bd4 (11. Bf4 {Tyomkin,D} Bd7 12. Rd1 Nc5 13. h3 Nf6 14. Bh6 c6 15.
Nd4 Rc8 16. dxc6 Bxc6 17. Bxg7 Kxg7 18. Nxc6 bxc6 $11 {1/2-1/2 Kramnik,
V-Bareev,E/Novgorod 1997/CBM 60 (30)}) 11... Bh6 12. Qd1 c5 13. dxc6 bxc6 14.
h3 Nf6 15. Na4 Ne4 16. Nb6 Rb8 17. Nxc8 Qxc8 18. b3 a4 19. Rb1 axb3 20. axb3
Nb4 $15 {1/2-1/2 Kramnik,V-Vyzmanavin,A/Moscow 1994/CBM 40 ext (45)}) 10... c5
11. Bxf6 Bxf6 12. Qd2 Qf7 13. Ng5 Qg7 14. Nb5 Bxg5 15. Qxg5 Bd7 16. Qd2 a4 17.
f4 Bxb5 18. cxb5 Nc7 19. b6 Nb5 20. Kh1 a3 $15 {0-1 Appel,R-Glek,I/Germany
1994/GER-chT (45)}) 10. c5 (10. Re1 g5 11. Bd4 Qg6 12. e4 fxe4 13. Bxf6 exf3
14. Bxg7 Qxg7 15. Bxf3 Qf7 16. Qc2 Nd7 17. Bg2 Ne5 $11 {0-1 Hradeczky,T-Glek,I/
Budapest 1991/TD (41)}) (10. h4 Na6 11. Qd2 Kh7 12. Rae1 e5 (12... c5 13. Bf4 {
/\ e4}) (12... Bd7 13. Bd4 c5 14. Bxf6 Bxf6 15. e4) (12... Nc5 13. Bxc5 dxc5
14. e4) (12... Qf7 13. Bd4 e5 14. dxe6 Bxe6 15. b3 Nc5 16. Bxc5 dxc5 17. Ne5)
13. dxe6 Bxe6 14. Nd4 (14. b3 $14) 14... Bxc4 15. Bxb7 $1 (15. b3 Bg8 16. Bxb7
c5 17. Ndb5 d5 $1 18. Bxa8 (18. Bxa6 d4 $1 $36) 18... Qxa8 $36) 15... Rb8 (
15... c5 16. Nc6 Nb4 17. Qxd6 $18) 16. Bc6 (16. Bg2 Nb4 17. b3 (17. a3 Nbd5 18.
Nxf5 gxf5 19. Nxd5 Nxd5 20. Bxd5 Rxb2 21. Qd1 Qb5 $15) 17... Bg8 18. a3 Nbd5
19. Nxf5 Nxe3 20. Nxe3 Rxb3 $15) 16... Qc8 17. Bf3 Nb4 $1 {0-1 Jussupow,
A-Bareev,E/Munich 1993/CBM 36/[Bareev] (50)}) (10. Qd2) (10. Nb5 $5 Qd8 11.
Nfd4 Kh7 12. c5 $1 dxc5 13. Ne6 Bxe6 14. dxe6 Nc6 15. Bxc5 $14 {
Pisulinski-Rublevskij, Russia 1992}) (10. Bd4 c5 11. dxc6 bxc6 12. Na4 Nbd7 13.
Bc3 Ra6 14. Nd4 Ne5 15. c5 Ne4 16. Qb3+ $14 {0-1 Kupreichik,V-Mainka,R/
Schwaebisch Gmuend 1995/CBM 45 ext (37)}) 10... Na6 11. cxd6 exd6 12. Bd4 b6 (
12... g5 13. Nd2 f4 14. Nc4 b6 15. a4 Bd7 16. Na3 Qg6 17. Nab5 Rf7 18. Rc1 $11
{0-1 Petrosian,A-Glek,I/Azov 1991/CBM 25 (35)}) 13. Qc2 Nc5 14. Rad1 Bd7 15.
Nh4 Ng4 16. Bxg7 Kxg7 17. e3 b5 $11 {0-1 Kharitonov,A-Piskov,Y/Moscow 1989/TD 
(36)}) (9. Nd4 {(Meulders) Schussler} Na6 10. e4 fxe4 11. Nxe4 Nxe4 12. Bxe4
Bh3 13. Re1 {+/=/= Akopian,V-Vyzmanavin,A, Novosibirsk 1993}) 9... Bd7 (9...
Na6 {Tyomkin,D} 10. Qc1 Bd7 11. Bh6 c6 12. Bxg7 Kxg7 13. dxc6 bxc6 14. b3 Nc5
15. Rd1 Qb8 $11 {1/2-1/2 Lobron,E-Mainka,R/Frankfurt GER 2000/The Week in
Chess 293 (50)}) 10. Qc1 {Tyomkin,D: 'White leads a standard plan with the
exchange of bishops by Bh6.'} Na6 11. Bh6 Nc5 12. Bxg7 Kxg7 13. b3 c6 14. Qb2
Kg8 15. Rad1 Qd8 16. Ne1 {Tyomkin,D: 'Comparing with other games, white
doesn't take on c6, but also white doesn't get anything special.'} Qb6 17. Nd3
Nce4 (17... Nxd3 $5 {Meulders} 18. exd3 e5 19. dxe6 Bxe6 $11) 18. dxc6 {
'!' Meulders.} Bxc6 (18... bxc6 {Meulders} 19. Na4 Qa7 20. c5 $1 $14) 19. Nf4 {
'+/=' Meulders.} Rfc8 {Tyomkin,D: 'In my opinion black could try to equalize
by simply changing light pieces, for example:'} (19... Nxc3 {Tyomkin,D} 20.
Qxc3 Bxg2 21. Kxg2 Qc6+ $11) 20. Nxe4 Bxe4 21. Bxe4 fxe4 (21... Nxe4 {Meulders}
22. Nd5 Qd8 23. Qd4 $14 {'+/-' Tyomkin,D.} (23. f3 $16 {Tyomkin,D})) 22. Qd2 {
'+/=' Meulders.} Qb4 {Meulders: 'Schwarz möchte den Druck auf den schwarzen
Felder und gegen seinen König los werden.'} (22... a4 {Meulders} 23. Nd5 Nxd5
24. Qxd5+ $16) 23. Nd5 {'!' Meulders. '!' Tyomkin,D.} Qxd2 24. Rxd2 (24. Nxf6+
{Meulders} Kf7 25. Rxd2 Kxf6 26. Rd4 $14) 24... Nxd5 {'[]' Meulders.} 25. Rxd5
{Tyomkin,D: 'White has some advantage in this rook ending, mostly because of
the weakness e4.'} Rc5 (25... a4 {Meulders} 26. Rd4 (26. Rb5 {Tyomkin,D} Rc7
$11) 26... axb3 (26... e3 27. f4 axb3 28. axb3 Ra2 29. Re1 Rb2 30. Rd3 Kf7 31.
Rxe3 b5 32. cxb5 Rb8 33. Ra1 $18) 27. axb3 {'+/-' Tyomkin,D.} Ra3 28. Rb1 $16)
26. Rxc5 dxc5 27. Rd1 {'+/-' Meulders.} Kf7 28. Rd5 (28. Rd7 {Tyomkin,D} Rb8 {
[%cal Gf7e6]}) 28... b6 29. a4 {'!' Meulders. '!' Tyomkin,D. Tyomkin,D:
'Otherwise black activates his rook by a5-a4. White doesn't get anything with
29.Rd7:' Meulders: 'Verhindert Gegenspiel mit ...a4.'} (29. Re5 {Meulders} a4 (
29... Rd8 30. Rxe4 a4 31. Re3 Rd1+ 32. Kg2 Ra1 33. bxa4 Rxa2) 30. Rxe4 axb3 31.
axb3 Ra2 32. f4 Rb2 33. Re3 $16 {/+-}) (29. Rd7 {Tyomkin,D} Rb8 {[%cal Gf7e6]}
(29... a4 30. Rb7 axb3 31. axb3 Ra6 32. g4 $16)) 29... Ke6 30. g4 {'!'
Meulders.} Ra7 {Meulders: 'Ich hasse Bauernendspiele, weil sie entweder eine
Glaskugel oder haargenaue Arithmetik erfordern.'} ({Falls Schwarz sich den
Konsequenzen des Bauernendspiels besser bewusst gewesen wäre, hätte er wohl} 
30... Rf8 {Meulders versucht.}) (30... Rf8 {Tyomkin,D} 31. Kg2 {[%cal Gg2g3]}
h6 32. h4 Rg8 33. Kg3 $16 {[%cal Gg3f4]}) 31. Kg2 {Meulders: 'Auf dem Weg zum
Leckerbissen auf e4.'} Rd7 {Tyomkin,D: 'The rook ending was worse for black,
but black had drawing chances there:'} (31... Ra8 {Tyomkin,D} 32. Kg3 {[%cal
Gg3f4]} Rf8 33. h4 (33. h3 h6 34. h4 Rf6 35. Rd8 Kf7 36. Rb8 {[%cal Rg4g5]} g5
37. hxg5 hxg5 38. Rd8 Re6 {and black holds the defense.}) 33... h6 34. Rd1 {
still white has some advantage.}) 32. Rxd7 Kxd7 {[%mdl 4096]} 33. Kg3 e5 (33...
g5 34. f4 exf3 (34... h6 35. fxg5 hxg5 36. h4 $18 {entfernter Freibauer}) 35.
Kxf3 Kd6 36. Ke4 Ke6 (36... e6 37. e3 h6 38. h3 Kd7 39. Ke5 Ke7 40. e4 $22) 37.
e3 h6 38. h3 $22) 34. Kh4 h6 $2 (34... Ke6 $2 35. Kg5 Kf7 36. Kh6 Kg8 37. h4
Kh8 38. h5 gxh5 39. Kxh5 $18 {[%csl Re4,Re5][%cal Gh5g5,Gg5f5]}) ({Sehr gut
ist dagegen} 34... e3 $1 35. fxe3 (35. f3 h6 36. Kg3 (36. g5 h5 37. Kg3 Ke6 38.
f4 Kf5 (38... e4 $11) 39. fxe5 Kxg5 40. h4+ Kf5 41. Kf3 Kxe5 42. Kxe3 Kf5 43.
Kf3 g5 $19 {entfernter Freibauer}) 36... g5 $11) (35. Kg3 exf2 36. Kxf2 Ke7 37.
Kf3 Kd6 38. Ke4 Ke6 39. h4 Kd6 40. h5 Ke6 $11 {[%csl Yf5]}) 35... h6 36. Kg3 (
36. g5 h5 37. Kg3 Ke6 38. Kf3 Kd6 39. Ke4 Ke6 40. h4 Kd6 $11) 36... Ke6 37. Kf3
Ke7 38. Ke4 Ke6 39. h4 Kd6 $11 {denn} 40. h5 gxh5 41. gxh5 Ke6 42. Kf3 Kf5 {
ist nur gut für Schwarz.}) 35. Kg3 g5 $6 $18 (35... e3 $6 36. f4 e4 (36... Ke6
37. Kf3 exf4 38. Kxf4 g5+ 39. Kxe3 Ke5 40. h3 Kf6 41. Ke4 Ke6 42. e3 $22) (
36... exf4+ 37. Kxf4 Ke6 38. Kxe3 Ke5 39. h4 h5 40. gxh5 gxh5 41. Kf3 $18) 37.
g5 $1 (37. f5 $2 g5 38. h4 Kd6 $11 {Festung}) 37... h5 38. f5 gxf5 39. Kf4 Ke6
40. h4 $18) (35... Ke6 $5 36. f4 exf3 $1 (36... Kf6 $145 37. h3 $1 Ke6 38. h4
Kf6 39. g5+ Kf5 40. gxh6 exf4+ 41. Kh3 Kf6 42. Kg4 f3 43. exf3 e3 44. Kg3 Kf7
45. f4 $18) 37. Kxf3 Kd6 38. Ke4 Ke6 39. h3 Kd6 (39... h5 $145 $1 40. gxh5 gxh5
41. h4 Kf6 42. Kd5 Kf5 43. Kc6 Kg4 44. Kxb6 Kxh4 45. Kxc5 Kg5 46. Kb6 h4 47. c5
h3 48. c6 h2 49. c7 h1=Q 50. c8=Q Qe1 $16 {but with some practical chances for
black.}) 40. h4 Ke6 41. h5 gxh5 42. gxh5 Kf6 43. Kd5 Kf5 44. Kc6 Ke4 45. Kxb6
Ke3 46. Kxc5 e4 47. Kd5 $18) 36. e3 Ke6 37. f4 {Meulders: 'Ein Hammerschlag
der die Partie sofort entscheidet. Es ist für Schwarz nichts mehr zu machen.'}
Kf6 38. fxg5+ (38. f5 $2 $11 {Festung}) 38... Kxg5 39. Kh3 (39. h4+ Kf6 40. h5
Kg5 41. Kh3 Kf6 42. Kh4 $18) (39. Kh3 Kf6 40. Kh4 Kg6 41. h3 Kf6 42. Kh5 Kg7
43. g5 $18) 1-0

[Event "Budapest FS04 GM-A"]
[Site "Budapest"]
[Date "2002.04.07"]
[Round "6"]
[White "Markus, Robert"]
[Black "Hoang, Thanh Trang"]
[Result "1-0"]
[WhiteElo "2477"]
[BlackElo "2426"]
[Annotator "Hecht,H"]
[PlyCount "153"]
[EventDate "2002.04.02"]
[EventType "tourn"]
[EventRounds "13"]
[EventCountry "HUN"]
[EventCategory "9"]
[SourceTitle "CBM 089"]
[Source "ChessBase"]
[SourceDate "2002.08.12"]
[SourceVersion "1"]
[SourceVersionDate "2002.08.12"]
[SourceQuality "1"]

1. d4 f5 2. g3 Nf6 3. Bg2 g6 4. c4 Bg7 5. Nc3 O-O 6. Nf3 d6 7. O-O Qe8 8. d5 a5
9. Be3 Na6 10. Qd2 Bd7 11. Bh6 Nc5 12. Bxg7 Kxg7 13. Nd4 e5 14. dxe6 Bxe6 15.
b3 Qe7 16. Rab1 Rae8 17. Nxe6+ Qxe6 18. Nb5 Qxe2 19. Qxa5 b6 20. Qc3 Qe7 21.
Bc6 Rd8 22. Rbe1 Qf7 23. b4 Nce4 24. Bxe4 fxe4 25. Rxe4 Kg8 26. Rf4 c6 27. Nd4
c5 28. Nc6 Rde8 29. b5 Qe6 30. Qd3 d5 31. cxd5 Qxd5 32. Qc2 Kg7 33. Rd1 Qh5 34.
h4 Re2 35. Qc3 Re6 36. Re1 Rxe1+ 37. Qxe1 Qd5 38. Qe5 Qxe5 39. Nxe5 Ra8 40. a4
Nd5 41. Rf7+ Kg8 42. Rd7 Nc3 43. Rd3 Ne2+ 44. Kf1 Nd4 45. Ra3 Nxb5 46. Rb3 Nd4
47. Rxb6 Rxa4 48. Rb7 Ra1+ 49. Kg2 Re1 50. Nd3 Re8 51. Nxc5 Nf5 52. Kh3 Re7 53.
Rb8+ Kg7 54. g4 Nd6 55. Rb6 Ne4 56. Nxe4 Rxe4 57. Rb7+ Kg8 58. Kg3 Re5 {
Schwarz sollte hier und später h6 spielen.} 59. Kf4 Ra5 60. Re7 Rb5 (60... h6
$142) 61. Re5 Rb2 62. f3 Kf7 (62... Rb7 $142) 63. Kg5 Rb3 64. f4 Rb7 65. Kh6
Rb4 66. Kxh7 Rxf4 67. Rg5 Rf6 68. Kh6 Re6 69. Ra5 Re8 70. Ra7+ Kf6 71. Ra6+ Kf7
{Raffinierter Übergang ins Bauernendspiel, der auf zweifache Weise möglich ist.
Dazu gibt es noch zwei Variationen für ein gewonnenes Turmendspiel.} 72. Rxg6
Rh8+ 73. Kg5 Rxh4 74. Rh6 {Lässt gewinnbringend tauschen.} ({Weiß kann selbst
auf h4 nehmen, wenn er so spielt:} 74. Rf6+ Ke7 (74... Kg7 75. Kxh4 (75. Ra6
Rh1 76. Ra7+ Kg8 77. Kg6 Kf8 78. Ra8+ Ke7 79. g5 Rg1 80. Rg8 $18 {gefolgt von
Kh7 und g6 (Turmendspiel I)}) 75... Kxf6 76. Kh5 Kf7 77. Kh6 $18) 75. Kxh4 (75.
Rf4 Rh8 76. Kg6 Rh4 77. Rf7+ Ke6 78. g5 $18 {(Turmendspiel II)}) 75... Kxf6 76.
Kh5 Kg7 77. Kg5 $18) 74... Rxh6 75. Kxh6 Kg8 76. g5 Kh8 77. g6 1-0

[Event "Capablanca Memorial-B"]
[Site "Matanzas"]
[Date "1994.??.??"]
[Round "7"]
[White "Urday Caceres, Henry"]
[Black "Elissalt Cardenas, Hector"]
[Result "1-0"]
[WhiteElo "2450"]
[BlackElo "2415"]
[Annotator "Hecht,H"]
[PlyCount "83"]
[EventDate "1994.??.??"]
[EventType "tourn"]
[EventRounds "13"]
[EventCountry "CUB"]
[EventCategory "8"]
[SourceTitle "CBM 043"]
[Source "ChessBase"]
[SourceDate "1994.12.01"]
[SourceVersion "1"]
[SourceVersionDate "1994.12.01"]
[SourceQuality "1"]

1. c4 f5 2. Nc3 Nf6 3. d4 g6 4. g3 Bg7 5. Bg2 O-O 6. Nf3 d6 7. O-O Nh5 8. d5
Na6 9. Nd4 Nc5 10. b4 e5 11. Nxf5 gxf5 12. bxc5 e4 13. Bb2 dxc5 14. e3 Nf6 15.
Ne2 Qe7 16. Nf4 Ne8 17. Bxg7 Qxg7 18. f3 exf3 19. Bxf3 Nd6 20. Qd3 Qe5 21. Rae1
Ne4 22. Bxe4 fxe4 23. Qe2 Bd7 24. Rf2 a6 25. Ref1 b5 26. cxb5 axb5 27. Ne6 Bxe6
28. dxe6 Rxf2 29. Rxf2 Qxe6 30. Qxb5 Rxa2 31. Qb8+ Kg7 32. Qxc7+ Kg6 33. Rf1 c4
34. h4 h5 (34... h6 $5 35. Qc5 Ra8 36. h5+ Kg7 37. Qc7+ Kg8 $13) 35. Qc5 Ra6
36. Qg5+ Kh7 37. Qxh5+ Kg7 38. Rf5 Rc6 39. Rg5+ Kf8 40. Qh8+ Ke7 41. Re5 c3 42.
Qh7+ 1-0

[Event "Qingdao Daily Cup"]
[Site "Qingdao"]
[Date "1999.10.18"]
[Round "2"]
[White "Bu, Xiangzhi"]
[Black "Dao, Thien Hai"]
[Result "0-1"]
[WhiteElo "2465"]
[BlackElo "2543"]
[Annotator "Hecht,H"]
[PlyCount "90"]
[EventDate "1999.10.18"]
[EventType "tourn"]
[EventRounds "9"]
[EventCountry "CHN"]
[EventCategory "10"]
[SourceTitle "CBM 074"]
[Source "ChessBase"]
[SourceDate "2000.02.01"]
[SourceVersion "1"]
[SourceVersionDate "2000.02.01"]
[SourceQuality "1"]

1. d4 f5 2. c4 Nf6 3. Nf3 g6 4. g3 Bg7 5. Bg2 O-O 6. O-O d6 7. Nc3 Qe8 8. d5
Na6 9. Nd4 Nc5 10. b4 Nfe4 11. Nxe4 Nxe4 12. Bb2 c5 13. dxc6 bxc6 14. Qc2 Bd7
15. Rad1 Rb8 16. b5 cxb5 17. cxb5 Bxb5 18. Nxb5 Bxb2 19. Nxa7 Qd7 20. Nc6 Rb6
21. Bxe4 fxe4 22. Nd4 Qb7 23. Ne6 Rc8 24. Qd2 Bf6 25. h4 Rb2 26. Qh6 Qd7 27.
Nf4 Qf5 28. a4 Bg7 29. Qg5 Qxg5 30. hxg5 Ra8 31. Rc1 Rxa4 32. Rc7 Kf7 33. Rfc1
Bf8 34. Kg2 h6 35. gxh6 Bxh6 36. Rh1 Bxf4 37. gxf4 Rxe2 {[#] Kleiner
Mattangriff} 38. Rh7+ Ke6 39. Rcxe7+ Kd5 40. f5 Raa2 41. fxg6 Rxf2+ 42. Kh3
Rf3+ 43. Kh4 Rh2+ 44. Kg5 Rg2+ 45. Kh6 Rfg3 {Witzige Pointe. Wird der Bg6
durch einen Turm von g7 aus gedeckt, so wirkt dieser Turm wie ein Block und
ermöglicht das Matt auf der h-Linie. Also ist der Bauer und damit das Endspiel
verloren.} 0-1

[Event "Interzonal-14b"]
[Site "Szirak"]
[Date "1987.??.??"]
[Round "17"]
[White "Hjartarson, Johann"]
[Black "Beliavsky, Alexander G"]
[Result "1/2-1/2"]
[WhiteElo "2550"]
[BlackElo "2630"]
[Annotator "Hjartarson,J"]
[PlyCount "95"]
[EventDate "1987.07.??"]
[EventType "tourn"]
[EventRounds "17"]
[EventCountry "HUN"]
[EventCategory "12"]
[SourceTitle "CBM 003"]
[Source "ChessBase"]
[SourceDate "1988.04.01"]
[SourceVersion "1"]
[SourceVersionDate "1988.04.01"]
[SourceQuality "1"]

1. d4 f5 2. Nf3 Nf6 3. g3 g6 4. Bg2 Bg7 5. O-O O-O 6. c4 d6 7. Nc3 Qe8 8. Nd5 (
8. Re1) 8... Nxd5 9. cxd5 c6 10. Qb3 cxd5 $1 (10... Kh8) 11. Qxd5+ (11. e4 $5)
11... Kh8 12. Bd2 Nc6 13. Bc3 Bd7 $6 (13... Nd8 14. Qb3 (14. Rac1 $2 Be6 15.
Qa5 b6 {/\ Bd5=/+}) 14... e5 15. dxe5 dxe5 16. e3 $10) (13... f4 $5) 14. Qb3 e5
(14... Nd8 $2 15. d5 $16) 15. dxe5 dxe5 16. Qxb7 Rb8 17. Qc7 e4 18. Bxg7+ $2 (
18. Rfd1 $1 Rf7 19. Ng5 Re7 20. Bh3 (20. h4 $5) 20... Bxc3 21. bxc3 Be6 22. Qf4
Rb2 23. Rd2 $14) 18... Kxg7 19. Rad1 Rf7 20. Ng5 Re7 21. b3 h6 22. Nh3 g5 $44
23. f4 g4 24. Nf2 Rb6 25. e3 Qf7 26. Rfe1 Be6 27. Qd6 Nb4 28. Qd2 Qf6 29. Bf1
Rc7 30. Bc4 $1 (30. Rc1 Rd7 $44) 30... Bxc4 31. bxc4 Rxc4 32. Rc1 $10 Rxc1 33.
Rxc1 Nc6 34. Nd1 Ne7 35. Rc7 Rd6 36. Qc1 a6 37. Nb2 Kf8 38. Nc4 Rc6 39. Rxc6
Nxc6 (39... Qxc6 40. Qc3 $10) 40. Qa3+ Ne7 41. Ne5 Qe6 42. Qc5 (42. Qb4 $5)
42... Qd5 43. Ng6+ Kg7 44. Qxe7+ Kxg6 45. Qe8+ Kg7 46. Qe7+ Qf7 47. Qxf7+ Kxf7
48. Kf2 1/2-1/2

[Event "Hastings 9596"]
[Site "Hastings"]
[Date "1996.??.??"]
[Round "7"]
[White "Hodgson, Julian M"]
[Black "Conquest, Stuart"]
[Result "0-1"]
[WhiteElo "2590"]
[BlackElo "2455"]
[Annotator "Johnson,M"]
[PlyCount "100"]
[EventDate "1995.12.??"]
[EventType "tourn"]
[EventRounds "9"]
[EventCountry "ENG"]
[EventCategory "13"]
[SourceTitle "CBM 051"]
[Source "ChessBase"]
[SourceDate "1996.04.01"]
[SourceVersion "1"]
[SourceVersionDate "1996.04.01"]
[SourceQuality "1"]

1. c4 {Hodgson} g6 2. g3 Bg7 3. Bg2 f5 4. Nc3 Nf6 5. d4 O-O 6. Nf3 d6 7. O-O
Qe8 8. d5 c5 {side line} (8... a5) (8... Na6 {main line} 9. Rb1 Bd7 10. b4 c5
$1 11. dxc6 Bxc6 12. Qb3 (12. b5 $6 Bxf3 13. Bxf3 Nc5 {Gelfand,B-Gurevich,M/
Linares (13) ;CBM 22 1991/0-1 (58)}) 12... Ne4 13. Bb2 Nxc3 14. Bxc3 Bxc3 15.
c5+ e6 16. Qxc3 dxc5 17. b5 {1-0 Kramnik,V-Malaniuk,V/Moscow olm (09) RUS
1-UKR ;EXP 44 1994 (41)}) 9. Qc2 {/\ e2-e4} Na6 10. Bd2 h6 11. a3 Qf7 (11... g5
{Hodgson} 12. h4 $1 gxh4 (12... g4 13. Ne1 $16) 13. Nxh4 $16) 12. Rad1 Bd7 13.
Qc1 $5 Kh7 14. Qb1 $5 Nc7 15. e4 fxe4 16. Nxe4 Nxe4 (16... Bf5 17. Nh4 Nxe4 18.
Bxe4 Bxe4 19. Qxe4 $14) 17. Qxe4 Bf5 (17... Bxb2 $2 18. Rb1 Qf6 (18... Qg7 19.
Bxh6 Qxh6 20. Rxb2 $16) (18... Bg7 19. Rxb7 Bf5 20. Qh4 $18) (18... Bf5 19. Qh4
Qf6 20. Qxh6+ Kg8 21. Ng5 $18) 19. Qe3 $18) 18. Qh4 Qf6 19. Bg5 Qxb2 20. g4 (
20. Bxe7 $6 Bf6 $1 21. Ng5+ Kg7 $1 $10) 20... Bd7 (20... Be4 $2 21. Bc1 Qf6 22.
Ng5+ Kg8 23. Bxe4 hxg5 24. Bxg5 $18) 21. Rb1 (21. Bxh6 Bxh6 22. g5 Qg7 23. Rfe1
Rae8 24. gxh6 Qf6 $13) 21... Qc3 (21... Qxa3 22. Rxb7 (22. Bxh6 $6 Bxh6 23.
Qxe7+ Kg8 24. Qxd7 Qa6 $1 $13) 22... Rac8 (22... Rxf3 23. Rxc7 Be8 24. Bxf3
Qxf3 25. Bxh6 $1 $18) 23. Bxh6 Bxh6 24. Qxe7+ Kg8 25. Qxd7 $18) 22. Rxb7 Rac8
23. Bd2 $6 (23. Bxe7 Rf4 $1 24. Bxd6 Rxg4 25. Qh3 Qa5 $1 $13) (23. Bxh6 $142 $1
Bxh6 24. g5 Rxf3 (24... Qg7 25. Re1 $1 Rfe8 26. gxh6 Qf6 (26... Qxh6 27. Rxe7+
Rxe7 28. Qxe7+ Qg7 29. Ng5+ Kg8 30. Qxg7+ Kxg7 31. Ne4 $1 $18) 27. Ng5+ Kh8 28.
Rxa7 $18) 25. Qxh6+ Kg8 26. Qxg6+ Kf8 27. Qh6+ Kg8 28. g6 Rf5 29. Bh3 Qg7 (
29... Qf6 30. Qh7+ Kf8 31. Kh1 $1 {[/\ 32.Bxf5 Bxf5 33.g7+ +-]} Qg7 32. Rxa7
$18) 30. Qxg7+ Kxg7 31. Bxf5 Bxf5 32. Re1 $1 $18) 23... Qxc4 24. Qxe7 (24. Re1
$142 $1 {Hodgson} Qxg4 (24... Kg8 25. Rxe7 Bf6 26. Qxh6 Bxe7 27. Qxg6+ Kh8 28.
Ng5 Bxg5 29. Qh5+ $18) 25. Rxe7 Kg8 26. Bxh6 $1 Rf7 27. Rxf7 Kxf7 28. Qxg4 Bxg4
29. Ng5+ Kg8 30. Bxg7 Kxg7 31. Ne4 $1 $18) 24... Qxg4 (24... Bxg4 $2 25. Bxh6
Kxh6 26. Qh4+ $18) 25. h3 (25. Bc3 {Hodgson} Rg8 26. h3 Qf5 $2 (26... Qa4 $1)
27. Nh4 $1) 25... Qf5 (25... Qa4 $2 26. Bxh6 $1 Kxh6 27. Rb4 $3 Bf6 $1 28. Qe3+
Kg7 29. Rxa4 Bxa4 $16) 26. Nh4 $5 (26. Qxd6) 26... Qf7 27. Qxd6 Bb5 28. Be4 Qf6
29. Qg3 (29. Qxf6 Rxf6 $1 (29... Bxf6 $6 30. Nxg6 $1 $16) 30. Rc1 Ba6 31. Rxa7
Nb5 32. Rd7 $14) 29... Bxf1 30. Kxf1 $2 (30. Nxg6 $1 Rfe8 (30... Ba6 31. Nxf8+
Kg8 32. Nd7 Qd8 33. Bxh6 Qxd7 34. Bf5 Qe7 35. Bxg7 Qxg7 36. Bxc8 $18) (30...
Kg8 $1 31. Nxf8 Ba6 $13) 31. Ne7+ (31. Bc3 $5) 31... Kh8 32. Nxc8 Rxc8 33. Rxc7
Rxc7 34. Qxc7 Bxh3 35. Bc3 $3 Qf8 (35... Qg5+ 36. Kh2 Bg4 37. Qb8+ $18) 36. d6
$18) 30... Kg8 (30... Qa6+ $2 31. Kg1 Qxb7 32. Qxg6+ Kg8 33. Qh7+ Kf7 34. Bg6+
$18) 31. d6 Qd4 (31... Ne6 $2 32. Nxg6 Qd4 (32... Qa1+ 33. Be1 $1 $18) 33. Bd5
$18) 32. Qe3 (32. Qb3+ c4 $1 $19) 32... Qxd6 33. Nxg6 Rf7 34. Qd3 Bd4 (34...
Qf6 35. Be3 Ne6 $17) 35. Be3 Rd8 36. Kg2 Qf6 (36... Bxe3 37. Qxe3 Nd5 38. Qxh6
Nf4+ 39. Kh1 Rxb7 40. Qh8+ Kf7 41. Qh7+ Ke6 42. Bxb7 $132) 37. Bf4 Be5 (37...
Ne6) (37... Nd5) 38. Qg3 Bxf4 39. Nxf4+ Rg7 40. Ng6 Re8 $2 (40... Qe6) (40...
Qd4) (40... Ne6 $142 $1 $19 {Hodgson}) 41. Rxc7 Rxc7 42. Ne7+ $4 (42. Qxc7 $10
Rxe4 43. Qb8+ (43. Qc8+ {Hodgson} Kg7 44. Qb7+ Kxg6 45. Qxe4+ $10) 43... Kg7
44. Qb7+) 42... Kf7 $1 43. Bd5+ (43. Bg6+ Kf8 44. Nd5 Qxg6 $1 45. Qxg6 Rg7 $19)
(43. Nd5 Qg5 $1 $19) 43... Kf8 44. Kh1 (44. Ng6+ Qxg6 $1 45. Qxg6 Rg7 $19)
44... Rd8 (44... Rexe7 $4 45. Qg8#) 45. Ng6+ Ke8 46. Nf4 Rg7 47. Qe3+ Re7 48.
Qg3 Qg5 49. Bc6+ Kf7 50. Qb3+ Kf8 0-1